000 004880000a22001810004500
003 LK-CoMWRAF
008 230817t ||||| |||| 00| 0 eng d
040 _aLK-CoMWRAF
_dLK-CoMWRAF
_eLK-CoMWRAF
041 _aeng
082 _a720
_bSRI
245 _aSri Lanka
_bprovincial council elections and devolution
260 _aColombo
_bICES
_c1993
300 _ap.63
490 _aspecial issue the thatched Vol.6,N0.5
650 _aDevolution
650 _aProvincial Council
942 _cBK
999 _c2739
_d2739